000 00181 a2200097 4500
020 _a799070731173
041 _aeng
100 _aCowley, Joy
245 _aBlueberry muffins
942 _cBK
999 _c864
_d864